[Event "Illertissen op"]
[Site "Illertissen"]
[Date "2005.08.27"]
[Round "1"]
[White "Latzke, Boris Alexander"]
[Black "Lutzenberger, Reimund"]
[Result "1-0"]
[WhiteElo "2281"]
[BlackElo "2147"]
[PlyCount "55"]
[EventDate "2005.08.27"]
[EventType "swiss"]
[EventRounds "9"]
[EventCountry "GER"]
[SourceTitle "CBM 108 Extra"]
[Source "ChessBase"]
[SourceDate "2005.11.04"]
[SourceVersion "1"]
[SourceVersionDate "2005.11.04"]
[SourceQuality "1"]

1. d4 Nf6 2. c4 c5 3. d5 b5 4. Qc2 d6 5. e4 bxc4 6. Nf3 g6 7. Nbd2 Bg7 8. Nxc4 0-0 9. Bd3 Bg4 10. 0-0 Bxf3 11. gxf3 e6 12. dxe6 fxe6 13. e5 Nd5 14. exd6 Nc6 15. Be3 Nf4 16. Bxf4 Rxf4 17. Be4 Nd4 18. Qd3 Qg5+ 19. Kh1 Raf8 20. Rg1 Qh5 21. Rg3 Rh4 22. Rg2 Rxf3 23. d7 Bf6 24. Bxf3 Nxf3 25. d8Q+ Bxd8 26. Qxd8+ Kg7 27. Qe7+ Kh6 28. Qf8# 1-0

[Event "CFriend AC-2003-S-00001 email"]
[Site "Chessfriend.com"]
[Date "2004.12.01"]
[Round "1"]
[White "Lutzenberger, Reimund"]
[Black "Sakai, Kiyotaka"]
[Result "0-1"]
[WhiteElo "2363"]
[BlackElo "2464"]
[PlyCount "100"]
[EventDate "2004.??.??"]
[EventType "tourn (corr)"]
[EventRounds "6"]
[SourceTitle "Corr 2008"]
[Source "ChessBase"]
[SourceDate "2008.06.24"]
[SourceVersion "1"]
[SourceVersionDate "2008.06.24"]
[SourceQuality "1"]

1. e4 c5 2. Nf3 Nc6 3. d4 cxd4 4. Nxd4 Nf6 5. Nc3 e5 6. Ndb5 d6 7. Bg5 a6 8. Bxf6 gxf6 9. Na3 f5 10. exf5 Bxf5 11. Nc4 Be6 12. Ne3 Bh6 13. Ned5 Nd4 14. Bd3 0-0 15. Qh5 Kg7 16. 0-0 f5 17. Rae1 Bf7 18. Qh3 f4 19. Kh1 Be6 20. Qh5 Rc8 21. Rxe5 dxe5 22. Qxe5+ Rf6 23. Qe4 Nf5 24. Nxf6 Qxf6 25. Qxb7+ Kh8 26. Re1 Rg8 27. Qxa6 Qg7 28. Be4 Nd4 29. Rd1 Qe5 30. Qd3 Bg7 31. f3 Nf5 32. Nd5 Rd8 33. c4 Ne3 34. Rb1 Qg5 35. Qe2 Nxd5 36. cxd5 Bxd5 37. Bxd5 Qxd5 38. b4 Ra8 39. a4 Qf5 40. Re1 Qf8 41. Rb1 Rxa4 42. b5 Qf5 43. Qe8+ Bf8 44. Qe1 Ra7 45. Qd1 Be7 46. Rc1 Rb7 47. Qd4+ Kg8 48. b6 Qe6 49. Rb1 Qd6 50. Qxd6 Bxd6 0-1

[Event "CFriend AC-2003-S-00001 email"]
[Site "Chessfriend.com"]
[Date "2004.12.01"]
[Round "1"]
[White "Roca, Alfredo"]
[Black "Lutzenberger, Reimund"]
[Result "1/2-1/2"]
[WhiteElo "2409"]
[BlackElo "2363"]
[PlyCount "62"]
[EventDate "2004.??.??"]
[EventType "tourn (corr)"]
[EventRounds "6"]
[SourceTitle "Corr 2024"]
[Source "ChessBase"]
[SourceDate "2023.10.19"]
[SourceVersion "1"]
[SourceVersionDate "2023.10.19"]
[SourceQuality "1"]

1. e4 e6 2. d4 d5 3. Nc3 Nf6 4. e5 Nfd7 5. f4 c5 6. Nf3 Nc6 7. Be3 cxd4 8. Nxd4 Bc5 9. Qd2 0-0 10. 0-0-0 a6 11. Qf2 Bxd4 12. Bxd4 b5 13. Be3 b4 14. Ne2 a5 15. Nd4 Nxd4 16. Bxd4 Ba6 17. Kb1 Qc7 18. h4 Rfc8 19. h5 Bxf1 20. Rhxf1 a4 21. f5 b3 22. c3 bxa2+ 23. Ka1 Rf8 24. Qg3 Rab8 25. f6 Nxf6 26. Rxf6 Rxb2 27. h6 g6 28. Rf2 Rb3 29. Rxa2 Rfb8 30. Qf3 Qb7 31. Qf1 Rb2 1/2-1/2

[Event "CFriend AC-2003-S-00001 email"]
[Site "Chessfriend.com"]
[Date "2004.12.01"]
[Round "1"]
[White "Straka, ZdenK"]
[Black "Lutzenberger, Reimund"]
[Result "1/2-1/2"]
[WhiteElo "2481"]
[BlackElo "2363"]
[PlyCount "64"]
[EventDate "2004.??.??"]
[EventType "tourn (corr)"]
[EventRounds "6"]
[SourceTitle "Corr 2024"]
[Source "ChessBase"]
[SourceDate "2023.10.19"]
[SourceVersion "1"]
[SourceVersionDate "2023.10.19"]
[SourceQuality "1"]

1. e4 e6 2. d4 d5 3. e5 c5 4. Nc3 Nc6 5. Nf3 cxd4 6. Nb5 Bc5 7. a3 a6 8. b4 axb5 9. bxc5 Nge7 10. Rb1 Qa5+ 11. Bd2 Qc7 12. Bxb5 0-0 13. Bb4 Nxe5 14. Nxd4 N5g6 15. 0-0 e5 16. Ne2 Be6 17. f4 f6 18. Qd2 Bd7 19. a4 Bc6 20. Qe3 Qd7 21. Be1 Rfc8 22. fxe5 fxe5 23. h4 Qg4 24. Qg3 Qh5 25. Qf3 Qxf3 26. Rxf3 Bxb5 27. Rxb5 h5 28. a5 Rc7 29. Rfb3 Ra7 30. Nc3 Nf4 31. Bg3 Nfg6 32. Be1 Nf4 1/2-1/2

[Event "CFriend AC-2003-S-00001 email"]
[Site "Chessfriend.com"]
[Date "2004.12.01"]
[Round "1"]
[White "Tietjen, Ronald"]
[Black "Lutzenberger, Reimund"]
[Result "0-1"]
[WhiteElo "2240"]
[BlackElo "2363"]
[PlyCount "30"]
[EventDate "2004.??.??"]
[EventType "tourn (corr)"]
[EventRounds "6"]
[SourceTitle "Corr 2024"]
[Source "ChessBase"]
[SourceDate "2023.10.19"]
[SourceVersion "1"]
[SourceVersionDate "2023.10.19"]
[SourceQuality "1"]

1. d4 Nf6 2. Nf3 g6 3. Bf4 d6 4. h3 Bg7 5. e3 0-0 6. Be2 Nc6 7. 0-0 Nd7 8. c3 e5 9. Bh2 b6 10. Nbd2 Bb7 11. Qa4 a6 12. Bg3 h6 13. Bd3 f5 14. Be2 Qf6 15. Qc4+ Kh8 0-1

[Event "CFriend MZ-2004-2-00002 email"]
[Site "Chessfriend.com"]
[Date "2004.08.28"]
[Round "1"]
[White "Dyakov, Aleksandr"]
[Black "Lutzenberger, Reimund"]
[Result "1/2-1/2"]
[WhiteElo "2223"]
[BlackElo "2363"]
[PlyCount "96"]
[EventDate "2004.??.??"]
[EventType "tourn (corr)"]
[EventRounds "6"]
[SourceTitle "Corr 2024"]
[Source "ChessBase"]
[SourceDate "2023.10.19"]
[SourceVersion "1"]
[SourceVersionDate "2023.10.19"]
[SourceQuality "1"]

1. e4 e6 2. d4 d5 3. Nc3 Nf6 4. Bg5 Bb4 5. e5 h6 6. Bd2 Bxc3 7. bxc3 Ne4 8. Qg4 g6 9. Bd3 Nxd2 10. Kxd2 c5 11. Nf3 Bd7 12. h4 Qe7 13. Qf4 Bc6 14. Nh2 Nd7 15. Ng4 0-0-0 16. Nxh6 f5 17. exf6 Nxf6 18. Ng4 Ne4+ 19. Bxe4 dxe4 20. Ne5 cxd4 21. Nxc6 bxc6 22. Qxe4 dxc3+ 23. Ke1 Qc5 24. Rh3 Qd5 25. Qxd5 exd5 26. Ke2 d4 27. Kd3 Rdf8 28. f3 c5 29. Rg3 Rf6 30. Rg5 Rc6 31. Rh1 Kc7 32. h5 gxh5 33. Rhxh5 Rxh5 34. Rxh5 Kb6 35. f4 Kb5 36. f5 Rd6 37. g4 c4+ 38. Ke4 d3 39. Rh1 d2 40. Rd1 Kb4 41. g5 Ka3 42. g6 Kb2 43. g7 Rd8 44. f6 Kxc2 45. f7 Kxd1 46. f8Q Rxf8 47. gxf8Q Kc2 48. Qf2 Kc1 1/2-1/2

[Event "CFriend MZ-2004-2-00002 email"]
[Site "Chessfriend.com"]
[Date "2004.08.28"]
[Round "1"]
[White "Leaua, Cristinel Costel"]
[Black "Lutzenberger, Reimund"]
[Result "0-1"]
[WhiteElo "1986"]
[BlackElo "2363"]
[PlyCount "44"]
[EventDate "2004.??.??"]
[EventType "tourn (corr)"]
[EventRounds "6"]
[SourceTitle "Corr 2024"]
[Source "ChessBase"]
[SourceDate "2023.10.19"]
[SourceVersion "1"]
[SourceVersionDate "2023.10.19"]
[SourceQuality "1"]

1. e4 e6 2. d4 d5 3. exd5 exd5 4. c4 Nf6 5. Nc3 Bb4 6. Nf3 0-0 7. Bd3 dxc4 8. Bxc4 Bg4 9. Be3 Nc6 10. Be2 Rb8 11. 0-0 Re8 12. a3 Ba5 13. h3 Bh5 14. b4 Bb6 15. d5 Ne7 16. Bxb6 axb6 17. Bc4 Nc8 18. g4 Nd6 19. Qd4 Bg6 20. Rfe1 Ra8 21. Rxe8+ Qxe8 22. a4 Qf8 0-1

[Event "CFriend MZ-2004-2-00002 email"]
[Site "Chessfriend.com"]
[Date "2004.08.28"]
[Round "1"]
[White "Lutzenberger, Reimund"]
[Black "Kasperek, Ryszard"]
[Result "0-1"]
[WhiteElo "2363"]
[BlackElo "2496"]
[PlyCount "96"]
[EventDate "2004.??.??"]
[EventType "tourn (corr)"]
[EventRounds "6"]
[SourceTitle "Corr 2024"]
[Source "ChessBase"]
[SourceDate "2023.10.19"]
[SourceVersion "1"]
[SourceVersionDate "2023.10.19"]
[SourceQuality "1"]

1. e4 c5 2. Nf3 Nc6 3. Bb5 e6 4. Bxc6 bxc6 5. d3 Qc7 6. 0-0 Ne7 7. Ng5 h6 8. Nh3 g6 9. f4 Bg7 10. Nc3 d5 11. Na4 c4 12. e5 c5 13. dxc4 Ba6 14. b3 dxc4 15. Re1 Nf5 16. Ba3 Bf8 17. Nf2 Rd8 18. Qc1 Bb7 19. Rb1 Be7 20. Ne4 Bxe4 21. Rxe4 Qc6 22. Nc3 Rd4 23. Qe1 0-0 24. Rxd4 cxd4 25. Bxe7 Nxe7 26. Ne4 Nf5 27. Qe2 cxb3 28. axb3 Rc8 29. Rc1 Ne3 30. Nd6 Rb8 31. Nc4 Nxc4 32. Qxc4 Qxc4 33. bxc4 Rb4 34. Kf2 Rxc4 35. Ke2 Rc3 36. Kd2 g5 37. fxg5 hxg5 38. Ra1 Rc5 39. Rxa7 Rxe5 40. Rd7 Re4 41. h3 e5 42. Rc7 Re3 43. c4 Kg7 44. c5 Kf6 45. c6 Rg3 46. Kd1 Ke6 47. Ra7 Rc3 48. c7 e4 0-1

[Event "CFriend MZ-2004-2-00002 email"]
[Site "Chessfriend.com"]
[Date "2004.08.28"]
[Round "1"]
[White "Lutzenberger, Reimund"]
[Black "Smith, Douglas Royston"]
[Result "1-0"]
[WhiteElo "2363"]
[BlackElo "1963"]
[PlyCount "29"]
[EventDate "2004.??.??"]
[EventType "tourn (corr)"]
[EventRounds "6"]
[SourceTitle "Corr 2024"]
[Source "ChessBase"]
[SourceDate "2023.10.19"]
[SourceVersion "1"]
[SourceVersionDate "2023.10.19"]
[SourceQuality "1"]

1. e4 g6 2. d4 Bg7 3. Nc3 c6 4. Bc4 d6 5. Qf3 e6 6. Nge2 Nd7 7. 0-0 Ngf6 8. Bb3 0-0 9. Bg5 Qc7 10. a4 b6 11. Rad1 Bb7 12. Qh3 a5 13. f4 Ba6 14. Rfe1 Rae8 15. e5 1-0

[Event "CFriend AR-2003-F-00002 email"]
[Site "Chessfriend.com"]
[Date "2004.05.07"]
[Round "1"]
[White "Lutzenberger, Reimund"]
[Black "Balabaev, Farit Gasisovich"]
[Result "1/2-1/2"]
[WhiteElo "2367"]
[BlackElo "2539"]
[PlyCount "97"]
[EventDate "2004.??.??"]
[EventType "tourn (corr)"]
[EventRounds "12"]
[SourceTitle "Corr 2008"]
[Source "ChessBase"]
[SourceDate "2008.06.24"]
[SourceVersion "1"]
[SourceVersionDate "2008.06.24"]
[SourceQuality "1"]

1. e4 c5 2. Nf3 Nc6 3. d4 cxd4 4. Nxd4 Nf6 5. Nc3 e5 6. Ndb5 d6 7. Bg5 a6 8. Na3 b5 9. Bxf6 gxf6 10. Nd5 f5 11. exf5 Bxf5 12. c3 Bg7 13. Nc2 Be6 14. g3 0-0 15. Bg2 a5 16. 0-0 f5 17. Qe2 Rb8 18. Nf4 Bf7 19. Bxc6 exf4 20. Qf3 fxg3 21. hxg3 Kh8 22. Nd4 Bxd4 23. cxd4 Bc4 24. Rfe1 f4 25. d5 fxg3 26. Qc3+ Qf6 27. Qxf6+ Rxf6 28. fxg3 a4 29. Re3 Rf5 30. b3 Bxd5 31. Bxd5 Rxd5 32. Re7 Rg8 33. bxa4 bxa4 34. Kh2 Rd3 35. Rg1 a3 36. Rg2 d5 37. Rd7 h6 38. Kh3 Rg7 39. Rd6 Kh7 40. Kh4 Rd1 41. g4 h5 42. Kh3 hxg4+ 43. Rxg4 Rh1+ 44. Kg2 Rxg4+ 45. Kxh1 Rg5 46. Kh2 Kg7 47. Kh3 Kf7 48. Ra6 Ke7 49. Rxa3 1/2-1/2

[Event "CFriend AR-2003-F-00002 email"]
[Site "Chessfriend.com"]
[Date "2004.05.07"]
[Round "1"]
[White "Lutzenberger, Reimund"]
[Black "Fridman, Daniel"]
[Result "0-1"]
[WhiteElo "2363"]
[BlackElo "2346"]
[PlyCount "138"]
[EventDate "2004.??.??"]
[EventType "tourn (corr)"]
[EventRounds "12"]
[SourceTitle "Corr 2024"]
[Source "ChessBase"]
[SourceDate "2023.10.19"]
[SourceVersion "1"]
[SourceVersionDate "2023.10.19"]
[SourceQuality "1"]

1. e4 c5 2. Nf3 d6 3. d4 cxd4 4. Nxd4 Nf6 5. Nc3 a6 6. Be3 e5 7. Nb3 Be6 8. f3 Be7 9. Qd2 Nbd7 10. g4 0-0 11. 0-0-0 b5 12. g5 b4 13. Ne2 Ne8 14. f4 a5 15. Kb1 a4 16. Nbc1 exf4 17. Nxf4 Bxg5 18. Qxb4 Bxf4 19. Bxf4 Qf6 20. Nd3 Rb8 21. Qd2 Nc7 22. Rg1 Rfc8 23. a3 Ne5 24. Bxe5 dxe5 25. Nb4 Qe7 26. Rg3 Ne8 27. Ba6 Rc5 28. Rd3 Kf8 29. Rd8 Rxd8 30. Qxd8 Qxd8 31. Rxd8 Ke7 32. Ra8 Nc7 33. Ra7 Bd7 34. Bd3 g5 35. Kc1 g4 36. Kd2 h5 37. Ke3 h4 38. Rb7 Bc8 39. Rb8 Be6 40. Rh8 h3 41. Kf2 Ne8 42. Kg3 Nd6 43. Rb8 Rc7 44. Rb6 Rc8 45. Ra6 Nc4 46. Nd5+ Kf8 47. Nb6 Nxb6 48. Rxb6 Ke7 49. Rb4 Bd7 50. c3 Kf6 51. Rb6+ Be6 52. Be2 Kg5 53. Rd6 Rb8 54. Rd2 Bc8 55. Bd1 Bb7 56. Bc2 Bc6 57. Bb1 f5 58. exf5 Bf3 59. f6 Kxf6 60. Rd6+ Ke7 61. Rd2 Ke6 62. Bc2 e4 63. Bxa4 e3 64. Rd3 e2 65. Re3+ Kf6 66. Bc6 Bxc6 67. Rxe2 Bf3 68. Rd2 Kg5 69. a4 Rf8 0-1

[Event "GER-ch36 V5 email"]
[Site "GER email"]
[Date "2004.03.29"]
[Round "?"]
[White "Lins, Thomas"]
[Black "Lutzenberger, Reimund"]
[Result "1-0"]
[WhiteElo "2164"]
[BlackElo "2166"]
[PlyCount "43"]
[EventDate "2004.03.29"]
[EventType "tourn (corr)"]
[EventRounds "10"]
[EventCountry "GER"]
[SourceTitle "Corr 2008"]
[Source "ChessBase"]
[SourceDate "2008.06.24"]
[SourceVersion "1"]
[SourceVersionDate "2008.06.24"]
[SourceQuality "1"]

1. d4 Nf6 2. c4 g6 3. Nc3 Bg7 4. e4 d6 5. Be2 0-0 6. Bg5 c5 7. d5 h6 8. Bf4 e6 9. dxe6 Bxe6 10. Bxd6 Re8 11. Nf3 Qb6 12. Bxb8 Raxb8 13. Qc2 Nh5 14. g3 Bxc3+ 15. Qxc3 Bh3 16. e5 Bg2 17. Rg1 Bxf3 18. Bxf3 Qd6 19. Kf1 Qxe5 20. Qxe5 Rxe5 21. Kg2 Nf6 22. Rae1 1-0

[Event "GER-ch36 V5 email"]
[Site "GER email"]
[Date "2004.03.29"]
[Round "?"]
[White "Lutzenberger, Reimund"]
[Black "Klapp, Herwig"]
[Result "1/2-1/2"]
[WhiteElo "2166"]
[BlackElo "2251"]
[PlyCount "59"]
[EventDate "2004.03.29"]
[EventType "tourn (corr)"]
[EventRounds "10"]
[EventCountry "GER"]
[SourceTitle "Corr 2008"]
[Source "ChessBase"]
[SourceDate "2008.06.24"]
[SourceVersion "1"]
[SourceVersionDate "2008.06.24"]
[SourceQuality "1"]

1. e4 e5 2. Nf3 Nc6 3. Bb5 a6 4. Ba4 Nf6 5. 0-0 Be7 6. Re1 b5 7. Bb3 d6 8. c3 0-0 9. h3 Na5 10. Bc2 c5 11. d4 Qc7 12. Nbd2 cxd4 13. cxd4 Nc6 14. Nb3 a5 15. Be3 a4 16. Nbd2 Bd7 17. Rc1 Rac8 18. Nf1 Qb7 19. Ng3 Rfe8 20. Bb1 g6 21. Re2 exd4 22. Nxd4 Bf8 23. f4 Bg7 24. Nf3 Red8 25. Rd2 Ne8 26. b3 a3 27. Nd4 b4 28. Rdc2 Nxd4 29. Bxd4 Rxc2 30. Bxc2 1/2-1/2

[Event "CFriend AR-2003-Q-00007 email"]
[Site "Chessfriend.com"]
[Date "2003.12.03"]
[Round "1"]
[White "Ciortan, Mircea"]
[Black "Lutzenberger, Reimund"]
[Result "0-1"]
[WhiteElo "1773"]
[BlackElo "2367"]
[PlyCount "54"]
[EventDate "2003.??.??"]
[EventType "tourn (corr)"]
[EventRounds "12"]
[SourceTitle "Corr 2008"]
[Source "ChessBase"]
[SourceDate "2008.06.24"]
[SourceVersion "1"]
[SourceVersionDate "2008.06.24"]
[SourceQuality "1"]

1. d4 Nf6 2. c4 g6 3. Nc3 Bg7 4. e4 d6 5. f3 0-0 6. Be3 c5 7. d5 e6 8. Bd3 exd5 9. cxd5 a6 10. a4 Re8 11. Nge2 Nbd7 12. 0-0 Ne5 13. f4 Nfg4 14. Bc1 Nxd3 15. Qxd3 f5 16. h3 fxe4 17. Nxe4 Bf5 18. hxg4 Bxe4 19. Qd1 Qh4 20. Ra3 Qxg4 21. Rg3 Qh5 22. Rh3 Qxd5 23. Qxd5+ Bxd5 24. Nc3 Bc4 25. Rd1 d5 26. Bd2 b5 27. axb5 axb5 0-1

[Event "CFriend AR-2003-Q-00007 email"]
[Site "Chessfriend.com"]
[Date "2003.12.03"]
[Round "1"]
[White "Lutzenberger, Reimund"]
[Black "Bauckmann, Oliver"]
[Result "1-0"]
[WhiteElo "2363"]
[BlackElo "2098"]
[PlyCount "123"]
[EventDate "2003.??.??"]
[EventType "tourn (corr)"]
[EventRounds "12"]
[SourceTitle "Corr 2024"]
[Source "ChessBase"]
[SourceDate "2023.10.19"]
[SourceVersion "1"]
[SourceVersionDate "2023.10.19"]
[SourceQuality "1"]

1. e4 d6 2. d4 Nf6 3. Nc3 g6 4. Be3 Bg7 5. Qd2 c6 6. Bh6 0-0 7. f3 b5 8. 0-0-0 Qa5 9. Kb1 b4 10. Nce2 Qb6 11. h4 a5 12. h5 b3 13. cxb3 a4 14. hxg6 fxg6 15. Bxg7 Kxg7 16. Nc3 axb3 17. Qh6+ Kf7 18. Bc4+ Ke8 19. Bxb3 Qa5 20. Nge2 Ra7 21. e5 dxe5 22. dxe5 Qxe5 23. Nd4 Qa5 24. Rhe1 Rd7 25. Rd2 Rb7 26. Red1 Nbd7 27. Nxc6 Qf5+ 28. Ka1 Rxb3 29. Nd4 Qh5 30. Qxh5 Nxh5 31. Nxb3 Nf4 32. Ne4 Rf5 33. Nd4 Rd5 34. g3 Nh5 35. Rc1 Bb7 36. Rc7 e5 37. Nb3 Rxd2 38. Nbxd2 Ba6 39. b4 Kd8 40. Ra7 Be2 41. Kb2 Nhf6 42. Nxf6 Nxf6 43. a4 Nd7 44. Kb3 h5 45. b5 g5 46. Kb4 h4 47. gxh4 gxh4 48. Ra8+ Kc7 49. Rh8 Nb6 50. a5 Nc8 51. Kc5 Nd6 52. b6+ Kd7 53. Rh7+ Ke6 54. Rh6+ Ke7 55. Rxd6 Ba6 56. Rh6 h3 57. Rxh3 Ke6 58. Kc6 Ke7 59. Rh6 Kd8 60. Rh7 Ke8 61. b7 Bxb7+ 62. Rxb7 1-0

[Event "CFriend AR-2003-Q-00007 email"]
[Site "Chessfriend.com"]
[Date "2003.12.03"]
[Round "1"]
[White "Lutzenberger, Reimund"]
[Black "Jenull, Marco S"]
[Result "1-0"]
[WhiteElo "2367"]
[BlackElo "1905"]
[PlyCount "69"]
[EventDate "2003.??.??"]
[EventType "tourn (corr)"]
[EventRounds "12"]
[SourceTitle "Corr 2008"]
[Source "ChessBase"]
[SourceDate "2008.06.24"]
[SourceVersion "1"]
[SourceVersionDate "2008.06.24"]
[SourceQuality "1"]

1. e4 e6 2. d4 d5 3. e5 c5 4. c3 Nc6 5. Nf3 Qb6 6. a3 Nh6 7. b4 cxd4 8. cxd4 Nf5 9. Bb2 Bd7 10. g4 Nfe7 11. Nc3 Na5 12. Nd2 Rc8 13. Rc1 Ng6 14. h4 Be7 15. g5 0-0 16. Qg4 Bxb4 17. axb4 Qxb4 18. Rb1 Rxc3 19. Bxc3 Qxc3 20. Rh3 Qc7 21. h5 Ne7 22. Bd3 Nac6 23. Qf4 Nf5 24. Bxf5 exf5 25. g6 h6 26. Rhb3 Bc8 27. Nf3 a5 28. Rc1 Qd8 29. gxf7+ Rxf7 30. Nh4 Qe8 31. Ng6 Be6 32. Qd2 b5 33. Rbc3 Nb4 34. Nf4 Kh7 35. Rc7 1-0

[Event "CFriend AT-2003-0-00016 email"]
[Site "Chessfriend.com"]
[Date "2003.07.09"]
[Round "1"]
[White "Gildred, Terrence L Nick"]
[Black "Lutzenberger, Reimund"]
[Result "1/2-1/2"]
[WhiteElo "2074"]
[BlackElo "2393"]
[PlyCount "90"]
[EventDate "2003.??.??"]
[EventType "match (corr)"]
[EventRounds "2"]
[SourceTitle "Corr 2008"]
[Source "ChessBase"]
[SourceDate "2008.06.24"]
[SourceVersion "1"]
[SourceVersionDate "2008.06.24"]
[SourceQuality "1"]

1. e4 e6 2. d4 d5 3. Nd2 Nf6 4. e5 Nfd7 5. Bd3 c5 6. c3 Nc6 7. Ne2 cxd4 8. cxd4 f6 9. exf6 Qxf6 10. Nf3 h6 11. 0-0 Bd6 12. Be3 0-0 13. Bc2 Rf7 14. Qd2 Nf8 15. a3 Bd7 16. Ng5 hxg5 17. Bxg5 Bf4 18. Bxf4 Nxd4 19. Nxd4 Qxf4 20. Rad1 Rc8 21. Nf3 Rf6 22. Qxf4 Rxf4 23. Bd3 Be8 24. Rc1 Rxc1 25. Rxc1 Bg6 26. Bf1 Bh5 27. Ne5 Rf5 28. Re1 Rf4 29. b3 g5 30. h3 Kg7 31. Rc1 Kf6 32. Nd3 Rd4 33. Rc8 Nd7 34. Rc7 Ne5 35. Nxe5 Kxe5 36. Rxb7 Rd1 37. f3 Bg6 38. Kf2 a5 39. Ra7 Rd2+ 40. Kg3 Rb2 41. Rxa5 Rxb3 42. a4 Bf5 43. Rb5 Ra3 44. a5 Kf6 45. Kf2 Ra2+ 1/2-1/2

[Event "CFriend AC-2003-Q-00007 email"]
[Site "Chessfriend.com"]
[Date "2003.07.01"]
[Round "?"]
[White "Davies, William"]
[Black "Lutzenberger, Reimund"]
[Result "0-1"]
[WhiteElo "1611"]
[BlackElo "2394"]
[PlyCount "62"]
[EventDate "2003.07.01"]
[EventType "tourn (corr)"]
[EventRounds "10"]
[SourceTitle "Corr 2008"]
[Source "ChessBase"]
[SourceDate "2008.06.24"]
[SourceVersion "1"]
[SourceVersionDate "2008.06.24"]
[SourceQuality "1"]

1. e4 e6 2. Nc3 d5 3. Nf3 Nf6 4. d3 c5 5. Be2 Nc6 6. 0-0 Be7 7. Ng5 h6 8. Nf3 d4 9. Nb1 e5 10. c3 Be6 11. Bd2 0-0 12. Re1 Ne8 13. b3 b5 14. c4 bxc4 15. bxc4 f5 16. exf5 Bxf5 17. a3 Nd6 18. a4 e4 19. Nxd4 Nxd4 20. Bg4 exd3 21. Bxf5 Rxf5 22. Bc3 Nxc4 23. Qxd3 Nf3+ 24. Qxf3 Rxf3 25. gxf3 Bd6 26. Re4 Qg5+ 27. Rg4 Qc1+ 28. Kg2 Ne5 29. f4 Nxg4 30. Bd2 Qb2 31. f3 Ne3+ 0-1